00618 a2200157 4500020002300000035001300023037004600036082001300082100002400095245015500119250001300274260004500287270007300332300003400405700002100439 a8171944469c460.00 aB-211508 bRP-BLIII-451 / UBH-07-08:6 / RP-07-08:ENG14a343.54051 aSinghania, Vinod K.1 aTaxmann's direct taxesblaw & practice covering income-tax & wealth-tax with special reference to tax planningcby Vinod K. Singhania, Kapil Singhania a37th ed. aNew DelhibTaxmann Publicationsc2007-08 a59/32, New Rohtak RoadbNew DelhicDelhie110005k28712352l28715041 aVarious pagingsc24 cm (pbk) aSinghania, Kapil